Southville International School and Colleges
Your cart is empty.
  • Cart
  • Lists
    Public lists Eva Luna New books Lux_list list_1
    Your lists Log in to create your own lists
  • Log in to your account
  • Your cookies
  • Search history
Southville International School and Colleges
  • Advanced search
  • Recent comments
  • Most popular
  • Libraries

Log in to your account

Log in with GOOGLE


If you do not have an external account, but do have a local account, you can still log in:

  1. Home
  2. MARC view: Learn subject access /
Normal view MARC view ISBD view

Learn subject access / (Record no. 358062)

[ view plain ]
MARC details
000 -LEADER
fixed length control field 00795nam a2200289Ia 4500
008 - FIXED-LENGTH DATA ELEMENTS--GENERAL INFORMATION
fixed length control field 180620s9999 xx 000 0 und d
020 ## - INTERNATIONAL STANDARD BOOK NUMBER
International Standard Book Number 974-8279-62-6
050 ## - LIBRARY OF CONGRESS CALL NUMBER
Classification number REF Z 695.Z8
050 ## - LIBRARY OF CONGRESS CALL NUMBER
Item number .G36 1998
100 ## - MAIN ENTRY--PERSONAL NAME
Personal name Ganendran, Jacki
245 #0 - TITLE STATEMENT
Title Learn subject access /
245 #0 - TITLE STATEMENT
Statement of responsibility, etc Jacki Ganendran
250 ## - EDITION STATEMENT
Edition statement 2nd Edition
260 ## - PUBLICATION, DISTRIBUTION, ETC. (IMPRINT)
Place of publication, distribution, etc Bangkok, Thailand :
260 ## - PUBLICATION, DISTRIBUTION, ETC. (IMPRINT)
Name of publisher, distributor, etc Book Promotion & Service Co., Ltd.
260 ## - PUBLICATION, DISTRIBUTION, ETC. (IMPRINT)
Date of publication, distribution, etc 1999
300 ## - PHYSICAL DESCRIPTION
Extent 108 pages :
300 ## - PHYSICAL DESCRIPTION
Other physical details illustrations ;
300 ## - PHYSICAL DESCRIPTION
Dimensions 30 cm.
440 ## - SERIES STATEMENT/ADDED ENTRY--TITLE
Title Library Education Series
500 ## - GENERAL NOTE
General note Includes bibliographical references and index.
650 ## - SUBJECT ADDED ENTRY--TOPICAL TERM
Topical term or geographic name as entry element Catalogs, Subject.
650 ## - SUBJECT ADDED ENTRY--TOPICAL TERM
Topical term or geographic name as entry element Indexing.
650 ## - SUBJECT ADDED ENTRY--TOPICAL TERM
Topical term or geographic name as entry element Online library catalog --
650 ## - SUBJECT ADDED ENTRY--TOPICAL TERM
Topical term or geographic name as entry element Subject cataloging.
650 ## - SUBJECT ADDED ENTRY--TOPICAL TERM
General subdivision Subject access.
Holdings
Withdrawn status Lost status Damaged status Home library Current library Shelving location Date acquired Cost, normal purchase price Total Checkouts Full call number Barcode Date last seen Price effective from Koha item type
      South Mansfield College South Mansfield College Reference Section 09/19/2006 425.00   REF Z 695.Z8 .G36 1998 SMC03352 06/20/2018 06/20/2018 Books

Learn subject access /

APA

Ganendran J., .Learn subject access. Bangkok, Thailand: .

Chicago

Ganendran Jacki, .Learn subject access. Bangkok, Thailand: .

Harvard

Ganendran J., .Learn subject access. Bangkok, Thailand: .

MLA

Ganendran Jacki, .Bangkok, Thailand: . .

  • Place hold
  • Print
  • Cite
  • Add to your cart (remove)
  • Save record
    BIBTEX Dublin Core MARCXML MARC (non-Unicode/MARC-8) MARC (Unicode/UTF-8) MARC (Unicode/UTF-8, Standard) MODS (XML) RIS
  • More searches
    Search for this title in:
    Other Libraries (WorldCat) Other Databases (Google Scholar) Online Stores (Bookfinder.com) Open Library (openlibrary.org)

Exporting to Dublin Core...

SOUTHVILLE LIBRARY

Southville International School and Colleges Library

1281 Tropical Ave. Cor. Luxembourg St., BF Homes International, Las Pinas City

Tel. No. 8256374 / 252358 Loc. 117/146

Powered by Koha